Normal view MARC view

Entry Personal Name

Number of records used in: 1

001 - CONTROL NUMBER

  • control field: 1100

003 - CONTROL NUMBER IDENTIFIER

  • control field: DLC

005 - DATE AND TIME OF LATEST TRANSACTION

  • control field: 20200107160136.0

008 - FIXED-LENGTH DATA ELEMENTS

  • fixed length control field: 010523n| acannaabn |a aaa

010 ## - LIBRARY OF CONGRESS CONTROL NUMBER

  • LC control number: n 2001114208

040 ## - CATALOGING SOURCE

  • Original cataloging agency: DLC
  • Language of cataloging: eng
  • Transcribing agency: DLC
  • Modifying agency: DLC

100 1# - HEADING--PERSONAL NAME

  • Personal name: Wrenn, Bruce

400 1# - SEE FROM TRACING--PERSONAL NAME

  • Personal name: Wrenn, W. Bruce

670 ## - SOURCE DATA FOUND

  • Source citation: Wrenn, W. Bruce. Marketing research, 2002:
  • Information found: CIP t.p. (W. Bruce Wrenn) bk. t.p. (Bruce Wrenn; Ph. D.) jkt. (assoc. prof., marketing, Div. of Business and Economics, Indiana U., South Bend)

670 ## - SOURCE DATA FOUND

  • Source citation: Building strong congregations, 2009:
  • Information found: ECIP t.p. (Bruce Wrenn) data view (b. Nov. 9, 1950)

Powered by Koha